000 00527nam a2200181 4500
003 LK-CoDNM
005 20240201112951.0
008 240201b |||||||| |||| 00| 0 eng d
020 _a9786240017275
040 _aLK-CoDNM
_dLK-CoDNM
_eLK-CoDNM
041 _asin
080 _a398
_bLIY
100 _aලියනගම,උපසේන . ඒ්
245 _aමාතර බස් වහර සහ ජන ජීවිතය
260 _aColombo
_bS.Godage Saha Sahodarayo
_c2022
300 _a248p.,21cm
942 _n0
_cBK
999 _c144725
_d144725